Silly Sally - Statistics

General Stats
  • This quiz has been taken 18 times
  • The average score is 3 of 16
Answer Stats
Hint Answer % Correct
She hit Alabama in 2020 Hurricane Sally
88%
A 1965 Mustang Sally
31%
A company that makes ghost trains and animatronics for amusement parks Sally Corporation
31%
A traditional English game in which players throw battens at a wooden post or a carving of a woman's head to knock skittles off the top; also another term for a straw man (as in argument) Aunt Sally
25%
Nickname for a particular Christian denomination Sally Army
19%
To proceed to something challenging with bravery or confidence Sally forth
19%
Eucalyptus stellulata, a small tree endemic to higher altitude regions of south-eastern Australia Black Sally
13%
Ducked back in the alley Long Tall Sally
13%
A secret way into or out of a fortification; also a dock for crews travelling to and from ships anchored offshore Sally port
13%
An American fishing fly designed to look like a type of stonefly Yellow Sally
13%
Rest here in my arms Lay down Sally
6%
Nickname for enemy female radio presenters who broadcast music and propaganda aimed at US troops in WW2 Axis Sally
0%
A dormant volcano between Wallan and Kilmore in Victoria, Australia Pretty Sally
0%
Video adventure game with dark themes Sally Face
0%
An old English saying meaning 'it doesn't matter', and corruption of ça ne fait rien Sally Fairy Ann
0%
By the central western shore of the Great Salt Lake in Utah Sally Mountain
0%
No matching quizzes found
Score Distribution
Percent of People with Each Score
Percentile by Number Answered
Your Score History
You have not taken this quiz